Largest cities of West Bengal - Statistics

General Stats
  • This quiz has been taken 115 times
  • The average score is 5 of 10
Answer Stats
Population City % Correct
14,112,536 Kolkata
100%
1,243,008 Asansol
74%
581,409 Durgapur
73%
701,489 Siliguri
69%
377,016 Burdwan
51%
293,719 Kharagpur
42%
324,237 Malda
40%
305,609 Baharampur
11%
304,584 Habra
11%
288,718 Shantipur
7%
No matching quizzes found
Score Distribution
Percent of People with Each Score
Percentile by Number Answered
Your Score History
You have not taken this quiz